000 00942nam a22002657a 4500
003 DO-SdBNP
005 20210506090023.0
008 210226b2013 dr | 0 spa d
020 _a9789945890105
040 _aBPMSU
_bspa
_cBPMSU
082 _a972.93697
_bG113h
_222
100 1 _aGabino Concepción, Andrés
245 1 0 _aHistoria del municipio de Tenarez /
_cAndrés Gabino Concepción (Tite) ; prólogo Pedro Carreras Aguilera
_b
250 _a2a.ed. aum.y corr.
_b
260 _aSanto Domingo :
_bBúho,
_c2013
300 _a203 p.;
_c23 cm.
_b
500 _aIncluye datos biográficos del autor en las solapas
590 _6Inventariado, 2021/VM
650 4 _aCiudades y pueblos
_zRepública dominicana
651 4 _aTenares (República Dominicana
_xHistoria Local
651 4 _aTenares (República Dominicana
_xVida Social Y Costumbres
700 1 _a Carreras Aguilera, Pedro
_cPról.
910 _a VMateo
942 _2ddc
_cBK
999 _c13457
_d13457